000 01070nam2a22002651 4500
001 RU\NLR\INFOCOMM18\1000111176
005 20250617041739.0
035 _a(NLR Aleph) 002440604
090 _a2075768
_c2075768
100 _a20040321d1959 |||y0rusy50 ca
101 0 _arus
102 _aRU
105 _ay |||||||||
200 1 _aБирма
_hВып.1
_fА.И. Бендик, А.Н. Узянов
210 _d1959
_aБ. м.
461 0 _1001RU\NLR\INFOCOMM18\1000111169
_12001#$aСпециальный бюллетень$fАкад. наук СССР. Ин-т востоковедения АН СССР$v№7
_92075733
_aИнститут востоковедения (Москва)
_cМ.
_d1959-
_fАкад. наук СССР. Ин-т востоковедения АН СССР
_tСпециальный бюллетень
_v№7
700 1 _aБендик
_bА.И.
_4070
701 1 _aУзянов
_bА.Н.
_4070
801 1 _aRU
_bInfoComm
_c20040321
801 0 _aRU
_bNLR
_gPSBO
852 _aNLR
_jП23/2504
942 _cISSUE
980 _aNB
980 _aRUSPER